[Event "Chennai op 14th"]
[Site "Chennai"]
[Date "2024.01.03"]
[Round "5"]
[White "Pawar, Harshit"]
[Black "Avinash, Ramesh"]
[Result "1-0"]
[WhiteElo "1945"]
[BlackElo "2290"]
[PlyCount "105"]
[EventDate "2023.12.31"]
[EventType "swiss"]
[EventRounds "10"]
[EventCountry "IND"]
[SourceTitle "CB02_2024"]
[SourceDate "2024.01.10"]
[SourceVersion "1"]
[SourceVersionDate "2024.01.10"]
[SourceQuality "1"]

1. e4 c5 2. Nc3 Nc6 3. Bb5 Nd4 4. Bc4 a6 5. d3 e6 6. a3 Nf6 7. Nge2 Nc6 8. Ba2 Be7 9. 0-0 b5 10. f4 d5 11. e5 Nd7 12. Ng3 g6 13. Nce2 h5 14. h3 Bb7 15. c3 h4 16. Nh1 d4 17. cxd4 cxd4 18. Nf2 Qb6 19. Kh2 0-0-0 20. Ng1 g5 21. Nf3 gxf4 22. Bxf4 Nf8 23. Kg1 Ng6 24. Bh2 Kb8 25. Rc1 Ka8 26. Qe2 Rdg8 27. Ng4 Rg7 28. Kh1 Bd8 29. Rf2 Nce7 30. Ng5 Nf5 31. Ne4 Ng3+ 32. Bxg3 hxg3 33. Rff1 Bc7 34. Kg1 Nh4 35. b4 Bb8 36. Bb3 Nf5 37. Nc5 Bc6 38. a4 Ba7 39. axb5 Bxb5 40. Bd5+ exd5 41. Rxf5 Qg6 42. Rf6 Qg5 43. Rcf1 Rd8 44. Nxa6 Rc8 45. Qf3 Bxa6 46. Rxa6 Qe7 47. Rfa1 Rc7 48. b5 Kb8 49. b6 Rb7 50. bxa7+ Ka8 51. Qxd5 Rxg4 52. hxg4 f5 53. Qg8+ 1-0

[Event "Qatar Masters op"]
[Site "Doha"]
[Date "2023.10.17"]
[Round "6"]
[White "Banh, Gia Huy"]
[Black "Avinash, Ramesh"]
[Result "1-0"]
[WhiteElo "2397"]
[BlackElo "2286"]
[PlyCount "147"]
[EventDate "2023.10.11"]
[EventType "swiss"]
[EventRounds "9"]
[EventCountry "QAT"]
[SourceTitle "Mega2024 Update 01"]
[Source "Chessbase"]
[SourceDate "2023.11.12"]
[SourceVersion "1"]
[SourceVersionDate "2023.11.12"]
[SourceQuality "1"]

1. d4 Nf6 2. Bf4 g6 3. Nf3 Bg7 4. c3 d6 5. Nbd2 0-0 6. e4 b6 7. h3 Bb7 8. Qc2 Nbd7 9. Be2 Re8 10. 0-0 e5 11. dxe5 dxe5 12. Be3 Qe7 13. a4 a5 14. Rfb1 Nc5 15. Ng5 h6 16. b4 Na6 17. Bxa6 Bxa6 18. Ngf3 Red8 19. b5 Bb7 20. c4 Nd7 21. Nb3 f5 22. exf5 gxf5 23. Qxf5 Rf8 24. Qg4 Nf6 25. Qh4 Bxf3 26. gxf3 Kh7 27. Nd2 Qe6 28. Kh1 Qf5 29. Rg1 Qh5 30. Qxh5 Nxh5 31. Rac1 Nf4 32. Bxf4 Rxf4 33. Rg3 Rd8 34. Ne4 Rd3 35. Kg2 Rf7 36. c5 bxc5 37. Nxc5 Rd6 38. Rc4 Bf8 39. Nb3 Rd3 40. Nxa5 Rd2 41. Nb3 Ra2 42. Rgg4 Ra3 43. Nd2 Rd3 44. Ne4 Rdxf3 45. Rg3 R3f4 46. a5 Bc5 47. Rxc5 Rxe4 48. Rgc3 Rg7+ 49. Kf1 Ra4 50. a6 Ra5 51. Rxe5 Ra1+ 52. Re1 Ra5 53. Rec1 Rxb5 54. Rxc7 Rxc7 55. Rxc7+ Kg6 56. Ra7 Ra5 57. Ra8 Kg5 58. a7 Kh4 59. f4 Kxh3 60. Ke2 h5 61. f5 Re5+ 62. Kd3 Re7 63. f6 Rb7 64. Ke4 h4 65. Kf5 Rc7 66. Kg6 Kg4 67. f7 Rc6+ 68. Kg7 Rc7 69. Kf6 h3 70. Rg8+ Kf4 71. a8Q h2 72. Rg4+ Kxg4 73. Qg2+ Kf4 74. Qxh2+ 1-0

[Event "Budapest Vezerkepzo GM 07"]
[Site "Budapest"]
[Date "2023.07.26"]
[Round "4"]
[White "Laddha, Shubh Jayesh"]
[Black "Avinash, Ramesh"]
[Result "1/2-1/2"]
[WhiteElo "2397"]
[BlackElo "2271"]
[PlyCount "90"]
[EventDate "2023.07.24"]
[EventType "swiss"]
[EventRounds "9"]
[EventCountry "HUN"]
[SourceTitle "EXT 2024"]
[Source "ChessBase"]
[SourceDate "2023.10.10"]
[SourceVersion "1"]
[SourceVersionDate "2023.10.10"]
[SourceQuality "1"]

1. e4 e6 2. d4 d5 3. Nc3 Bb4 4. e5 c5 5. a3 Bxc3+ 6. bxc3 Qa5 7. Bd2 Qa4 8. Qg4 Kf8 9. h4 Ne7 10. h5 h6 11. Qd1 Nbc6 12. Nf3 b6 13. dxc5 bxc5 14. Rb1 Ba6 15. Rh4 c4 16. g4 Ke8 17. Bh3 g5 18. hxg6 Nxg6 19. Rxh6 Rxh6 20. Bxh6 Ncxe5 21. Nxe5 Nxe5 22. Qe2 Ng6 23. Bg2 Kd7 24. Kf1 Qxa3 25. Qf3 Qe7 26. Qe3 Qd6 27. f4 Ne7 28. Ra1 Bb7 29. Rxa7 Rxa7 30. Qxa7 Kc7 31. Qd4 Nc6 32. Qg7 Qd7 33. g5 Bc8 34. Bf3 e5 35. fxe5 Qh3+ 36. Bg2 Qf5+ 37. Kg1 Nxe5 38. Qf8 Be6 39. Qc5+ Nc6 40. Qf2 Qxf2+ 41. Kxf2 Kd6 42. Ke3 Ke7 43. Bg7 Kd6 44. Kf4 Ke7 45. Ke3 Kd6 1/2-1/2

[Event "Budapest Vezerkepzo GM 07"]
[Site "Budapest"]
[Date "2023.07.24"]
[Round "1"]
[White "Avinash, Ramesh"]
[Black "Srihari, LR."]
[Result "1/2-1/2"]
[WhiteElo "2271"]
[BlackElo "2384"]
[PlyCount "59"]
[EventDate "2023.07.24"]
[EventType "swiss"]
[EventRounds "9"]
[EventCountry "HUN"]
[SourceTitle "EXT 2024"]
[Source "ChessBase"]
[SourceDate "2023.10.10"]
[SourceVersion "1"]
[SourceVersionDate "2023.10.10"]
[SourceQuality "1"]

1. e4 c6 2. Nc3 d5 3. Nf3 Bg4 4. h3 Bxf3 5. Qxf3 e6 6. Be2 Nd7 7. d4 dxe4 8. Nxe4 Ngf6 9. Nd2 Be7 10. 0-0 0-0 11. Rd1 Nb6 12. Ne4 Qd5 13. Nxf6+ Bxf6 14. c3 Rad8 15. Bf4 Qxf3 16. Bxf3 Rd7 17. Re1 Rfd8 18. Rad1 Nd5 19. Bc1 Ne7 20. g3 g6 21. h4 h5 22. Kg2 Kg7 23. Bf4 Nd5 24. Bc1 b5 25. a3 a5 26. Bd2 Ne7 27. Bf4 Nd5 28. Bd2 Ne7 29. Bf4 Nd5 30. Bd2 1/2-1/2